000 00530nam a2200181Ia 4500
005 20250508151657.0
008 008 250505s9999 xx 000 0 eng d
037 _aReference
040 _aFEDL
_beng
_cFEDL
041 _aeng
_2eng
084 _a910.7, BAR
_qFEDL
100 _aBarnard H C
_9511094
245 0 _aPrinciples and practice of georgraphy teaching
260 _aLondon, UK
_bUniversity Tutorial Press Limited
_c1949
300 _aviii,235p.
942 _cREF
_h910.7, BAR
999 _c1331375
_d1331375